000 00471nam a2200181Ia 4500
008 230711s9999||||xx |||||||||||||| ||und||
020 _a81-200-0350-0
041 _aENG
082 _a621.402
_bVA-H
100 _aVasandani,V.P
245 0 _aTreatise on heat engineering in Mks and SI units
250 _a4th
260 _c2012
_aNew Delhi
_bMetropolitan Book Co.Private LTD
300 _a530
650 _aMechanical Engineering
700 _aKumar,D.S
942 _cBK
999 _c1773
_d1773